000 00785nam a2200193Ii 4500
003 JO-AjNU
008 230605s9999||||xx |||||||||||||| ||und||
040 _aJO-AjNU
_bara
_erda
_cJO-AjNU
041 _aara
050 1 4 _aLC1047.2016
100 3 _aالمجلس الاقتصادي والاجتماعي الأردني,
_eauthor
_956702
245 0 0 _aمسارات التعليم المهني والأكاديمي: بين التوسع والتقنين، الأهمية، الحاجات، التجارب الدولية
264 3 1 _aعمان: المجلس الاقتصادي والاجتماعي، 2016
300 _a191ص
336 _atext
_btxt
_2rdacontent
337 _aunmediated
_bn
_2rdamedia
338 _avolume
_bnc
_2rdacarrier
650 4 _aالتعليم المهني
_956703
999 _aA25367
_c28935
_d28935